| 000 | 01103nam a2200313 a 4500 | ||
|---|---|---|---|
| 001 | 73156 | ||
| 003 | BD-RjUL | ||
| 005 | 20211209082345.0 | ||
| 008 | 170528s1978 enka 00110 eng d | ||
| 020 |
_a0070468524 _cL.20.60 |
||
| 020 | _a9231013998 | ||
| 035 | _a(BD-RjUL)73374 | ||
| 040 |
_aANL _beng _dANL _cBD-RjUL |
||
| 041 | _aeng | ||
| 082 |
_a621.4 _223 _bNOA 1978 |
||
| 100 | 1 |
_aNogotov, E F. _9216399 |
|
| 245 | 1 | 0 |
_aApplications of numerical heat transfer / _cE.F. Nogotov ; B.M. Berkovsky, editor ; W.J. Minkowycz, consulting editor. |
| 260 |
_aParis : _bUnesco ; _aWashington [D.C.] ; _aLondon : _bHemisphere ; _aNew York ; _aLondon [etc.] : _bMcGraw-Hill, _c1978. |
||
| 300 |
_aix,142 p : _bill ; _c24cm. |
||
| 490 | _aSeries in thermal and fluids engineering | ||
| 500 | _aHeat transfer. Calculation. Use of finite difference equations (BNB/PRECIS) | ||
| 504 | _aIndex. | ||
| 650 | 0 |
_aHeat _xTransmission. _9216400 |
|
| 650 | 0 |
_aDifference equations. _9216401 |
|
| 700 | 1 | 2 |
_aBerkovsky, B. _9216402 |
| 700 | 1 | 2 |
_aMinkowycz, W. J. _9216403 |
| 710 | 2 |
_aUnesco. _9216404 |
|
| 942 |
_2ddc _cBK |
||
| 999 |
_c73156 _d73156 |
||